Normal view MARC view
  • K.B., DR. ILANGO & SHUKLA, DR. VIKASH KUMAR AND LAKADE, DR. SAMEER H

Entry Personal Name

Number of records used in: 1

001 - CONTROL NUMBER

  • control field: 8542

003 - CONTROL NUMBER IDENTIFIER

  • control field: JRU

005 - DATE AND TIME OF LATEST TRANSACTION

  • control field: 20240919120843.0

008 - FIXED-LENGTH DATA ELEMENTS

  • fixed length control field: 240919|| aca||aabn | a|a d

040 ## - CATALOGING SOURCE

  • Original cataloging agency: JRU
  • Transcribing agency: JRU

100 ## - HEADING--PERSONAL NAME

  • Personal name: K.B., DR. ILANGO & SHUKLA, DR. VIKASH KUMAR AND LAKADE, DR. SAMEER H

670 ## - SOURCE DATA FOUND

  • Source citation: Work cat.: (JRU)8671: K.B., DR. ILANGO & SHUKLA, DR. VIKASH KUMAR AND LAKADE, DR. SAMEER H. , INDUSTRIAL PHARMACY - II [ B.PHARMA, 7TH. SEMESTER ]